[Event "XXVIII Corsicoscacchi Magistrale"]
[Site "Corsico ITA"]
[Date "2003.10.11"]
[Round "4"]
[White "Borroni, Enrico"]
[Black "Sgnaolin, Davide"]
[Result "1/2-1/2"]
[WhiteElo "1908"]
[BlackElo "2137"]
[PlyCount "43"]
[EventDate "2003.10.04"]

1. d4 Nf6 2. Nf3 c5 3. g3 e6 4. Bg2 d5 5. O-O Nc6 6. c4 Be7 7. cxd5 exd5 8. Nc3
O-O 9. Bg5 cxd4 10. Nxd4 h6 11. Be3 Re8 12. Rc1 Bf8 13. Nxc6 bxc6 14. Na4 Bd7
15. Bc5 Ne4 16. Bxf8 Kxf8 17. e3 Rb8 18. Qc2 Qf6 19. b3 Ng5 20. Nc5 Bf5 21. Qc3
Qxc3 22. Rxc3 1/2-1/2

[Event "XXVIII Corsicoscacchi Magistrale"]
[Site "Corsico ITA"]
[Date "2003.10.11"]
[Round "4"]
[White "Brunelli, Giovanni"]
[Black "Cereda, Loris"]
[Result "0-1"]
[WhiteElo "1711"]
[BlackElo "1890"]
[PlyCount "82"]
[EventDate "2003.10.04"]

1. e4 e5 2. Nf3 Nc6 3. Bb5 a6 4. Ba4 Nf6 5. O-O Be7 6. d3 b5 7. Bb3 d6 8. a4 b4
9. h3 O-O 10. c3 bxc3 11. Nxc3 Na5 12. Bc2 c5 13. b3 Rb8 14. Rb1 h6 15. Be3 Be6
16. Nd2 Qd7 17. f4 exf4 18. Bxf4 Nc6 19. Be3 Ne5 20. Nc4 Ng6 21. a5 d5 22. exd5
Nxd5 23. Nxd5 Qxd5 24. Nb6 Qe5 25. Qd2 Bd6 26. Rfd1 Qh2+ 27. Kf1 Nh4 28. Bg1
Qe5 29. Re1 Qf6+ 30. Qf2 Nf5 31. g4 Bg3 32. Qf3 Bxe1 33. gxf5 Bxf5 34. Kxe1
Qc3+ 35. Kd1 Rfe8 36. Be3 Bxd3 37. Rc1 Bxc2+ 38. Ke2 Qd3+ 39. Kf2 Re6 40. Qg3
Rbe8 41. Bxc5 Re2+ 0-1

[Event "XXVIII Corsicoscacchi Magistrale"]
[Site "Corsico ITA"]
[Date "2003.10.11"]
[Round "4"]
[White "Cartella, Giovanni"]
[Black "Pace, Pietro Dario"]
[Result "0-1"]
[WhiteElo "1806"]
[BlackElo "2115"]
[PlyCount "98"]
[EventDate "2003.10.04"]

1. d4 Nf6 2. Nf3 e6 3. Bg5 Be7 4. e3 c5 5. c3 b6 6. Bd3 d5 7. Ne5 O-O 8. Nd2
Nfd7 9. Qh5 f5 10. h4 Nxe5 11. dxe5 Nc6 12. Nf3 Bd7 13. g4 Be8 14. Bxe7 Bxh5
15. Bxd8 Bxg4 16. Bc7 Bxf3 17. Rg1 Be4 18. Bb5 Rac8 19. Bd6 Rf7 20. Ke2 f4 21.
f3 Bg6 22. Rg5 fxe3 23. Kxe3 Na5 24. Ba6 Rd8 25. h5 Bf5 26. h6 g6 27. b3 Nc6
28. Bb5 Ne7 29. Bxe7 Rxe7 30. Rd1 Rf8 31. Rd2 Ref7 32. Rf2 Bb1 33. f4 a6 34.
Bxa6 Ra8 35. Bb5 Bxa2 36. Rb2 Ra3 37. Ba4 c4 38. Rgg2 cxb3 39. Bb5 Ra5 40. c4
Rc7 41. f5 dxc4 42. Rbd2 exf5 43. e6 Kf8 44. Rd8+ Ke7 45. Re8+ Kf6 46. Bd7 c3
47. Rf8+ Ke7 48. Rf7+ Kd6 49. Kf4 b2 0-1

[Event "XXVIII Corsicoscacchi Magistrale"]
[Site "Corsico ITA"]
[Date "2003.10.11"]
[Round "4"]
[White "De Santis, Massimo"]
[Black "Cazzaniga, Walter"]
[Result "0-1"]
[WhiteElo "1837"]
[BlackElo "2119"]
[PlyCount "68"]
[EventDate "2003.10.04"]

1. d4 Nf6 2. c4 g6 3. Nc3 Bg7 4. e4 d6 5. f3 O-O 6. Be3 Nc6 7. Nge2 a6 8. Qd2
Rb8 9. Nc1 e5 10. Nb3 exd4 11. Nxd4 Re8 12. Be2 Bd7 13. O-O Nxd4 14. Bxd4 b5
15. cxb5 axb5 16. b4 Qe7 17. Rac1 c5 18. Be3 cxb4 19. Nd5 Nxd5 20. Qxd5 Be6 21.
Qd2 Bc3 22. Rxc3 bxc3 23. Qxc3 Bxa2 24. Bd4 d5 25. Ra1 b4 26. Qb2 Bc4 27. Ra7
Rb7 28. Bh8 f5 29. Rxb7 Qxb7 30. Bd1 fxe4 31. Ba4 Rf8 32. Bc6 Qe7 33. Kf2 Qh4+
34. Ke3 Qe1+ 0-1

[Event "XXVIII Corsicoscacchi Magistrale"]
[Site "Corsico ITA"]
[Date "2003.10.11"]
[Round "4"]
[White "Di Majo, Carlo"]
[Black "Massironi, Marco"]
[Result "1-0"]
[WhiteElo "1977"]
[BlackElo "2082"]
[PlyCount "82"]
[EventDate "2003.10.04"]

1. d4 Nf6 2. Nf3 g6 3. Bf4 Bg7 4. h3 c5 5. e3 Nc6 6. c3 O-O 7. Be2 d5 8. O-O
Nd7 9. Nbd2 e5 10. dxe5 Ndxe5 11. Nxe5 Nxe5 12. Nf3 Nc6 13. Qb3 b6 14. Rad1 Be6
15. Ng5 Qe7 16. Nxe6 fxe6 17. Bg3 Rf7 18. Qa4 Ne5 19. f4 Nd7 20. e4 d4 21. e5
dxc3 22. bxc3 Nf8 23. Rd6 g5 24. Bh5 Rf5 25. Bg4 Rf7 26. Rfd1 gxf4 27. Bxf4 Kh8
28. g3 Ng6 29. Rxe6 Qf8 30. Rf1 Bh6 31. Rxg6 Bxf4 32. gxf4 hxg6 33. Qe4 Kg7 34.
Rf2 Rd8 35. Be6 Re7 36. f5 Rd1+ 37. Kg2 gxf5 38. Rxf5 Rd2+ 39. Kg3 Qd8 40. Rg5+
Kh8 41. Rh5+ Kg7 1-0

[Event "XXVIII Corsicoscacchi Magistrale"]
[Site "Corsico ITA"]
[Date "2003.10.11"]
[Round "4"]
[White "Murgia, Andrea"]
[Black "D'Apa, Matteo"]
[Result "1-0"]
[WhiteElo "2132"]
[BlackElo "1756"]
[PlyCount "79"]
[EventDate "2003.10.04"]

1. e4 e5 2. Nf3 Nc6 3. Bb5 a6 4. Ba4 d6 5. O-O Bd7 6. c3 Nge7 7. d4 g6 8. Bg5
Bg7 9. dxe5 dxe5 10. Nbd2 O-O 11. Bb3 h6 12. Bh4 Kh8 13. Qe2 Qe8 14. Rad1 f5
15. exf5 gxf5 16. Bxe7 Qxe7 17. Nc4 b5 18. Ne3 e4 19. Nh4 Qxh4 20. Rxd7 Ne5 21.
Rxc7 f4 22. Nf5 Rxf5 23. Qxe4 Raf8 24. Bc2 Qd8 25. Qb7 Rg5 26. h4 Rg4 27. Qe4
Ng6 28. Rc6 Rf6 29. Rd1 Qf8 30. Rxf6 Qxf6 31. Qe8+ Nf8 32. h5 f3 33. g3 Qh4 34.
Qe3 Qxh5 35. Qxf3 Rg5 36. Qa8 Qg4 37. Rd8 a5 38. Rxf8+ Bxf8 39. Qxf8+ Rg8 40.
Qxh6# 1-0

[Event "XXVIII Corsicoscacchi Magistrale"]
[Site "Corsico ITA"]
[Date "2003.10.11"]
[Round "5"]
[White "Borroni, Enrico"]
[Black "Murgia, Andrea"]
[Result "1/2-1/2"]
[WhiteElo "1908"]
[BlackElo "2132"]
[PlyCount "121"]
[EventDate "2003.10.04"]

1. d4 f5 2. Nf3 Nf6 3. g3 g6 4. Bg2 Bg7 5. O-O O-O 6. b3 d6 7. Bb2 c6 8. c4 Qa5
9. Qd2 Qc7 10. Nc3 e5 11. dxe5 dxe5 12. Rfd1 e4 13. Ne1 Na6 14. Qd6 Qf7 15. Nc2
Ng4 16. f3 Be5 17. Qd2 Nf6 18. Na4 Bxb2 19. Nxb2 Nh5 20. fxe4 f4 21. Rf1 Qg7
22. Qd4 Bg4 23. Qxg7+ Kxg7 24. Bf3 Bxf3 25. exf3 fxg3 26. hxg3 Nxg3 27. Rf2 Nc7
28. Rd1 Rad8 29. Kg2 Rxd1 30. Nxd1 Rd8 31. Kxg3 Rxd1 32. Ne3 Rd3 33. Nf1 Ne6
34. Rd2 Nc5 35. Rxd3 Nxd3 36. Nd2 g5 37. a3 a5 38. Nf1 h5 39. Ne3 Kf6 40. Nf5
h4+ 41. Kh3 a4 42. bxa4 b6 43. Nd6 Nc5 44. Kg4 Nxa4 45. e5+ Kxe5 46. Nf7+ Kd4
47. Nxg5 Kxc4 48. f4 Kb3 49. f5 Nc5 50. Ne6 Ne4 51. Nd4+ Kxa3 52. Nxc6 Nd6 53.
f6 Kb3 54. Kxh4 Kc4 55. Kg5 b5 56. Kg6 Kc5 57. Ne5 Kd5 58. Nf3 b4 59. f7 Nxf7
60. Kxf7 Kc4 61. Nd2+ 1/2-1/2

[Event "XXVIII Corsicoscacchi Magistrale"]
[Site "Corsico ITA"]
[Date "2003.10.11"]
[Round "5"]
[White "Cazzaniga, Walter"]
[Black "Di Majo, Carlo"]
[Result "0-1"]
[WhiteElo "2119"]
[BlackElo "1977"]
[PlyCount "106"]
[EventDate "2003.10.04"]

1. d4 Nf6 2. c4 e6 3. Nf3 d5 4. Nc3 Be7 5. Bg5 h6 6. Bh4 Ne4 7. Bxe7 Qxe7 8.
Nxe4 dxe4 9. Nd2 f5 10. e3 O-O 11. Qc2 c5 12. dxc5 Na6 13. Be2 Bd7 14. a3 Nxc5
15. b4 Ba4 16. Qc3 Nd3+ 17. Bxd3 exd3 18. Qxd3 Rad8 19. Qc3 Qg5 20. O-O Bc6 21.
f3 Rf7 22. b5 Rfd7 23. Rf2 Rd3 24. Qc2 Qxe3 25. Nf1 Qe5 26. bxc6 bxc6 27. Qb2
Qc5 28. Qb4 Qd4 29. Rc1 c5 30. Qa5 Rd7 31. Rcc2 e5 32. g3 e4 33. fxe4 fxe4 34.
Qa6 e3 35. Qe6+ Kh7 36. Rf4 Qa1 37. Re2 Qxa3 38. Rxe3 Rxe3 39. Nxe3 Qd3 40. Nd5
Rb7 41. Ne7 Qd1+ 42. Kg2 Rb2+ 43. Kh3 Qh5+ 44. Rh4 Qe8 45. Qf5+ g6 46. Qe6 Rb6
47. Qe3 Qd7+ 48. Kg2 Rb2+ 49. Kf3 Qb7+ 50. Kg4 Qd7+ 51. Kf3 Qd1+ 52. Kf4 g5+
53. Ke5 Re2 0-1

[Event "XXVIII Corsicoscacchi Magistrale"]
[Site "Corsico ITA"]
[Date "2003.10.11"]
[Round "5"]
[White "Cereda, Loris"]
[Black "Cartella, Giovanni"]
[Result "1/2-1/2"]
[WhiteElo "1890"]
[BlackElo "1806"]
[PlyCount "86"]
[EventDate "2003.10.04"]

1. e4 c5 2. Nc3 d6 3. f4 Nc6 4. Nf3 e6 5. Bb5 a6 6. Bxc6+ bxc6 7. O-O g6 8. d3
Bg7 9. e5 d5 10. b3 Qa5 11. Bd2 Qc7 12. Na4 Qa7 13. Be3 d4 14. Bc1 Nh6 15. Ba3
Bf8 16. Qe1 a5 17. Nd2 Nf5 18. Ne4 Be7 19. Bxc5 Bxc5 20. Naxc5 h5 21. Nf6+ Ke7
22. Nce4 c5 23. Qc1 Bb7 24. Qa3 Rac8 25. Rac1 Ne3 26. Rfe1 Nd5 27. Nd6 Rb8 28.
Qa4 Nxf6 29. Nxb7 Rxb7 30. exf6+ Kxf6 31. Qc6 Rc7 32. Qe4 Kg7 33. Qe5+ Kh7 34.
a4 Rd8 35. Qg5 Rd5 36. Re5 Rxe5 37. fxe5 Qa8 38. Rf1 Qf8 39. g4 Qe7 40. Rf6
hxg4 41. Qxg4 Rc8 42. Rf3 Kg7 43. Rh3 Rh8 1/2-1/2

[Event "XXVIII Corsicoscacchi Magistrale"]
[Site "Corsico ITA"]
[Date "2003.10.11"]
[Round "5"]
[White "D'Apa, Matteo"]
[Black "Brunelli, Giovanni"]
[Result "0-1"]
[WhiteElo "1756"]
[BlackElo "1711"]
[PlyCount "64"]
[EventDate "2003.10.04"]

1. d4 Nf6 2. c4 e6 3. Nf3 b6 4. Bg5 Bb7 5. e3 Be7 6. Bd3 O-O 7. O-O d5 8. Nbd2
Nbd7 9. Rc1 c5 10. Qe2 Re8 11. Rc2 cxd4 12. Nxd4 Nc5 13. Rfc1 Nxd3 14. Qxd3
dxc4 15. Qe2 b5 16. a4 a6 17. N2f3 Be4 18. Bxf6 Bxf6 19. Rd2 Qb6 20. Ne1 Red8
21. Rcd1 e5 22. Ndc2 Rxd2 23. Rxd2 Rd8 24. f3 Rxd2 25. Qxd2 Bxc2 26. Nxc2 bxa4
27. Qd7 g6 28. Qc8+ Qd8 29. Qxd8+ Bxd8 30. Na3 c3 31. bxc3 Be7 32. Nc2 a3 0-1

[Event "XXVIII Corsicoscacchi Magistrale"]
[Site "Corsico ITA"]
[Date "2003.10.11"]
[Round "5"]
[White "Massironi, Marco"]
[Black "De Santis, Massimo"]
[Result "1-0"]
[WhiteElo "2082"]
[BlackElo "1837"]
[PlyCount "77"]
[EventDate "2003.10.04"]

1. e4 c6 2. Nc3 d5 3. Nf3 dxe4 4. Nxe4 Nf6 5. Ng3 Nbd7 6. Bc4 Nb6 7. Bb3 Nbd5
8. O-O Bg4 9. Re1 e6 10. h3 Bxf3 11. Qxf3 Bc5 12. d4 Bb6 13. Bg5 O-O 14. Nh5 h6
15. Bh4 g5 16. Bg3 Nxh5 17. Qxh5 Bxd4 18. Rad1 Bg7 19. c4 Nf6 20. Qf3 Qa5 21.
Re5 Qb6 22. c5 Qa5 23. h4 g4 24. Qe2 Rfd8 25. Rd6 Qb4 26. Re3 Qxc5 27. Red3
Rxd6 28. Bxd6 Qf5 29. Bc2 Qb5 30. Be5 h5 31. a4 Qb6 32. Rb3 Qa6 33. Qe3 Rd8 34.
Qg5 Rd5 35. Rd3 Qa5 36. Rxd5 Qe1+ 37. Kh2 g3+ 38. Kxg3 Ne4+ 39. Bxe4 1-0

[Event "XXVIII Corsicoscacchi Magistrale"]
[Site "Corsico ITA"]
[Date "2003.10.11"]
[Round "5"]
[White "Pace, Pietro Dario"]
[Black "Barberi, Alessandro"]
[Result "1/2-1/2"]
[WhiteElo "2115"]
[BlackElo "2099"]
[PlyCount "20"]
[EventDate "2003.10.04"]

1. e4 g6 2. d4 Bg7 3. Nf3 d6 4. Bc4 Nf6 5. Nbd2 c6 6. a4 O-O 7. O-O d5 8. exd5
cxd5 9. Bd3 Nc6 10. c3 Qd6 1/2-1/2

[Event "XXVIII Corsicoscacchi Magistrale"]
[Site "Corsico ITA"]
[Date "2003.10.11"]
[Round "5"]
[White "Pelizzola, Danilo"]
[Black "Bonazzi, Edoardo"]
[Result "1/2-1/2"]
[WhiteElo "2118"]
[BlackElo "2139"]
[PlyCount "108"]
[EventDate "2003.10.04"]

1. e4 c6 2. d4 d5 3. Nd2 dxe4 4. Nxe4 Bf5 5. Ng3 Bg6 6. Nf3 Nd7 7. Bc4 Ngf6 8.
c3 e6 9. O-O Bd6 10. Re1 O-O 11. Nh4 Qc7 12. Nxg6 hxg6 13. Qc2 c5 14. dxc5 Bxc5
15. Qe2 Nb6 16. Bb3 Rfd8 17. Ne4 Nxe4 18. Qxe4 Nd5 19. Bg5 Nf6 20. Qf3 Be7 21.
Rad1 Rac8 22. g3 Nd5 23. Rxd5 Rxd5 24. Bxd5 Bxg5 25. Qg4 Bf6 26. Bb3 Rd8 27.
Re2 Qc6 28. h4 a6 29. Qf4 Kf8 30. g4 Rd3 31. g5 Bd8 32. Rxe6 Rd1+ 33. Bxd1 Qxe6
34. Bb3 Qe7 35. Kg2 Bc7 36. Qf3 Bd6 37. Bd5 b6 38. b4 f5 39. Bc4 a5 40. bxa5
bxa5 41. Kf1 Qe4 42. Qxe4 fxe4 43. Bd5 e3 44. Be4 exf2 45. Kxf2 Be5 46. c4 Kf7
47. Kf3 Bd4 48. Bd3 Bc5 49. Bc2 Bg1 50. Bb3 Ke7 51. Bd1 Bc5 52. Kf4 Bf2 53. h5
gxh5 54. Bxh5 Kd6 1/2-1/2

[Event "XXVIII Corsicoscacchi Magistrale"]
[Site "Corsico ITA"]
[Date "2003.10.11"]
[Round "5"]
[White "Salami, Marco"]
[Black "Sgnaolin, Davide"]
[Result "0-1"]
[WhiteElo "2166"]
[BlackElo "2137"]
[PlyCount "126"]
[EventDate "2003.10.04"]

1. e4 c5 2. Nf3 Nc6 3. Bb5 g6 4. O-O Bg7 5. c3 a6 6. Bxc6 dxc6 7. h3 c4 8. b3
cxb3 9. axb3 Qd3 10. Re1 Nf6 11. Ne5 Qd8 12. Ba3 O-O 13. d4 Qc7 14. Nd2 b6 15.
Nd3 Rd8 16. Qf3 Bb7 17. Nc4 Ne8 18. Qf4 Nd6 19. Nde5 Rf8 20. Nxd6 exd6 21. Nc4
c5 22. Qxd6 Rac8 23. Qxc7 Rxc7 24. Nxb6 Re8 25. Bxc5 Rxc5 26. dxc5 Bxc3 27.
Rac1 Bxe1 28. Rxe1 Rxe4 29. Rxe4 Bxe4 30. f3 Bc6 31. Kf2 f5 32. Ke3 Kf7 33. Kd4
Ke6 34. Nc4 g5 35. Ne5 Bd5 36. b4 Bb7 37. g3 h5 38. h4 f4 39. c6 Bc8 40. hxg5
fxg3 41. Ng6 Kf5 42. Ne7+ Kf4 43. Nxc8 g2 44. Kd5 g1=Q 45. Kd6 Qd4+ 46. Kc7
Kxg5 47. Nb6 Qxb4 48. Kb7 h4 49. c7 Qc5 50. c8=Q Qxc8+ 51. Nxc8 h3 52. Nd6 h2
53. Kxa6 h1=Q 54. Ne4+ Kf4 55. Kb5 Qxf3 56. Nc5 Ke5 57. Kb4 Kd5 58. Nb3 Qd3 59.
Ka4 Kc4 60. Na5+ Kc3 61. Ka3 Qd6+ 62. Ka2 Qd2+ 63. Ka3 Qb2+ 0-1

[Event "XXVIII Corsicoscacchi Magistrale"]
[Site "Corsico ITA"]
[Date "2003.10.12"]
[Round "6"]
[White "Bonazzi, Edoardo"]
[Black "Barberi, Alessandro"]
[Result "1/2-1/2"]
[WhiteElo "2139"]
[BlackElo "2099"]
[PlyCount "66"]
[EventDate "2003.10.04"]

1. c4 g6 2. Nc3 Bg7 3. g3 e5 4. Bg2 Ne7 5. d3 O-O 6. e4 Nbc6 7. Nge2 d6 8. O-O
Be6 9. Nd5 a5 10. Be3 Nd4 11. Nxd4 exd4 12. Bd2 c6 13. Nxe7+ Qxe7 14. b3 Qd7
15. a3 f5 16. exf5 Bxf5 17. Bf4 h6 18. h4 Kh7 19. Qd2 Ra7 20. Rfe1 b6 21. Kh2
Rf6 22. Rad1 Qc8 23. Re2 Raf7 24. Rde1 Bd7 25. Re7 Qf8 26. Rxf7 Qxf7 27. Kg1
Bf8 28. b4 axb4 29. axb4 Re6 30. Rxe6 Qxe6 31. Kf1 Bg7 32. Qe2 Qxe2+ 33. Kxe2
Be5 1/2-1/2

[Event "XXVIII Corsicoscacchi Magistrale"]
[Site "Corsico ITA"]
[Date "2003.10.12"]
[Round "6"]
[White "Brunelli, Giovanni"]
[Black "Salami, Marco"]
[Result "0-1"]
[WhiteElo "1711"]
[BlackElo "2166"]
[PlyCount "60"]
[EventDate "2003.10.04"]

1. e4 e6 2. d4 d5 3. Nc3 Bb4 4. Bd2 dxe4 5. Qg4 Nf6 6. Qxg7 Rg8 7. Qh6 Rg6 8.
Qe3 Nc6 9. Bb5 Bd7 10. Nge2 Qe7 11. h3 Rxg2 12. Ng3 O-O-O 13. Bf1 Rxg3 14. fxg3
Be8 15. Ne2 Nd5 16. Qxe4 Bxd2+ 17. Kxd2 Qb4+ 18. c3 Qxb2+ 19. Qc2 Qa3 20. Bg2
Na5 21. Bxd5 Rxd5 22. Ke1 Bb5 23. Rf1 f5 24. g4 Qe7 25. gxf5 exf5 26. Kd1 Nc4
27. Rf3 Ne3+ 28. Rxe3 Qxe3 29. c4 Rxd4+ 30. Nxd4 Qxd4+ 0-1

[Event "XXVIII Corsicoscacchi Magistrale"]
[Site "Corsico ITA"]
[Date "2003.10.12"]
[Round "6"]
[White "Cartella, Giovanni"]
[Black "De Santis, Massimo"]
[Result "1-0"]
[WhiteElo "1806"]
[BlackElo "1837"]
[PlyCount "97"]
[EventDate "2003.10.04"]

1. d4 Nf6 2. Nf3 d5 3. Bg5 e6 4. e3 Be7 5. Bd3 Nbd7 6. Nbd2 c5 7. c3 b6 8. Qa4
O-O 9. Ne5 Qc7 10. Ndf3 a6 11. Qc2 h6 12. Bf4 Bd6 13. g4 c4 14. Be2 Ne4 15. h4
b5 16. g5 h5 17. Nxd7 Bxf4 18. Nde5 Bxe5 19. Nxe5 g6 20. Rg1 Nd6 21. Bxh5 gxh5
22. Qe2 Kg7 23. Qxh5 Rh8 24. Qg4 Bb7 25. h5 Rag8 26. h6+ Kf8 27. Qh5 Nf5 28.
O-O-O Qe7 29. h7 Rg7 30. g6 fxg6 31. Nxg6+ Rxg6 32. Qxg6 Qxh7 33. Qf6+ Ke8 34.
Qxe6+ Kd8 35. Rg6 Rf8 36. Rdg1 Qf7 37. Qe5 Kc8 38. Rg7 Nxg7 39. Rxg7 Qxg7 40.
Qxg7 Rxf2 41. Qg8+ Kd7 42. Qh7+ Kc6 43. e4 dxe4 44. Qxe4+ Kc7 45. Qe5+ Kd7 46.
d5 Rf3 47. Qe6+ Kd8 48. d6 Rf1+ 49. Kd2 1-0

[Event "XXVIII Corsicoscacchi Magistrale"]
[Site "Corsico ITA"]
[Date "2003.10.12"]
[Round "6"]
[White "Cereda, Loris"]
[Black "D'Apa, Matteo"]
[Result "1-0"]
[WhiteElo "1890"]
[BlackElo "1756"]
[PlyCount "49"]
[EventDate "2003.10.04"]

1. e4 e5 2. Nc3 Nf6 3. Bc4 Nc6 4. d3 h6 5. Nge2 Bc5 6. O-O Na5 7. Bb3 Nxb3 8.
axb3 O-O 9. Be3 Bxe3 10. fxe3 d6 11. Ng3 Bg4 12. Qe1 d5 13. exd5 Nxd5 14. h3
Be6 15. Nxd5 Bxd5 16. e4 Be6 17. Qe3 Qd4 18. Qxd4 exd4 19. Nf5 Bxf5 20. Rxf5 a6
21. Ra4 Rfd8 22. Rd5 Rxd5 23. exd5 Rd8 24. Rxd4 c5 25. dxc6 1-0

[Event "XXVIII Corsicoscacchi Magistrale"]
[Site "Corsico ITA"]
[Date "2003.10.12"]
[Round "6"]
[White "Di Majo, Carlo"]
[Black "Pace, Pietro Dario"]
[Result "0-1"]
[WhiteElo "1977"]
[BlackElo "2115"]
[PlyCount "96"]
[EventDate "2003.10.04"]

1. d4 d5 2. Nf3 Nf6 3. Bg5 e6 4. e3 Be7 5. Bd3 c5 6. c3 Nbd7 7. Nbd2 O-O 8. Qa4
h6 9. h4 a6 10. Bf4 b5 11. Qc2 c4 12. Be2 Bb7 13. g4 Ne4 14. g5 h5 15. Nxe4
dxe4 16. Nd2 e5 17. Bg3 exd4 18. cxd4 Rc8 19. O-O f5 20. Bxh5 Nb6 21. Qd1 Bxg5
22. Bg6 Bh6 23. Qh5 Qf6 24. Be5 Qe6 25. Kh2 Rf6 26. Bxf6 Qxf6 27. Bxf5 Rf8 28.
Bh3 Bd5 29. Rac1 b4 30. Qg4 Re8 31. Qg3 Kh7 32. Rg1 Rf8 33. Rg2 Rf7 34. Qg4
Qd6+ 35. Kh1 Re7 36. Nf1 Bf7 37. Ng3 g6 38. h5 gxh5 39. Nxh5 Qg6 40. Qh4 Qxh5
41. Qxe7 Qxh3+ 42. Kg1 Qf5 43. Qxb4 Nd5 44. Qd2 Bh5 45. Rg3 Bf3 46. Rxc4 Qh5
47. Kf1 Qh1+ 48. Rg1 Bg2+ 0-1

[Event "XXVIII Corsicoscacchi Magistrale"]
[Site "Corsico ITA"]
[Date "2003.10.12"]
[Round "6"]
[White "Massironi, Marco"]
[Black "Borroni, Enrico"]
[Result "1/2-1/2"]
[WhiteElo "2082"]
[BlackElo "1908"]
[PlyCount "35"]
[EventDate "2003.10.04"]

1. e4 c6 2. Nc3 d5 3. Nf3 Bg4 4. h3 Bxf3 5. Qxf3 Nf6 6. d3 e6 7. Bd2 Qb6 8.
O-O-O d4 9. Ne2 c5 10. g4 Nc6 11. Qg3 c4 12. c3 Qa6 13. cxd4 Qxa2 14. Bc3 Nb4
15. g5 Qa4 16. Bxb4 Qa1+ 17. Kc2 Qa4+ 18. Kc1 1/2-1/2

[Event "XXVIII Corsicoscacchi Magistrale"]
[Site "Corsico ITA"]
[Date "2003.10.12"]
[Round "6"]
[White "Murgia, Andrea"]
[Black "Pelizzola, Danilo"]
[Result "0-1"]
[WhiteElo "2132"]
[BlackElo "2118"]
[PlyCount "54"]
[EventDate "2003.10.04"]

1. e4 c5 2. c3 d5 3. exd5 Qxd5 4. d4 Nc6 5. Nf3 Bg4 6. Be2 e6 7. O-O Nf6 8. h3
Bh5 9. Na3 cxd4 10. Nb5 Rc8 11. Nbxd4 Nxd4 12. Nxd4 Bxe2 13. Qxe2 Be7 14. Rd1
O-O 15. Nb5 Qf5 16. Nxa7 Rc5 17. a4 Re5 18. Be3 Bc5 19. Nb5 Bxe3 20. fxe3 Qg5
21. Rd3 Nd5 22. Nd4 Qg6 23. Qd2 Rh5 24. Kh2 Nf6 25. Nf3 Ne4 26. Qe2 Rxh3+ 27.
Kg1 Ng3 0-1

[Event "XXVIII Corsicoscacchi Magistrale"]
[Site "Corsico ITA"]
[Date "2003.10.12"]
[Round "6"]
[White "Sgnaolin, Davide"]
[Black "Cazzaniga, Walter"]
[Result "0-1"]
[WhiteElo "2137"]
[BlackElo "2119"]
[PlyCount "72"]
[EventDate "2003.10.04"]

1. e4 e6 2. d4 d5 3. exd5 exd5 4. Nf3 Nc6 5. c4 Nf6 6. Bg5 Be7 7. Nc3 Be6 8. c5
Ne4 9. Bxe7 Qxe7 10. Be2 O-O 11. O-O Qf6 12. Qd3 Rfd8 13. Rad1 Bf5 14. Qb5 Rab8
15. Qa4 a6 16. Rc1 g5 17. h3 h5 18. Nh2 Nxd4 19. Bxh5 Nxc5 20. Qd1 Nce6 21. Ng4
Bxg4 22. Bxg4 c6 23. f4 gxf4 24. g3 Qh6 25. gxf4 f5 26. Bf3 Kh8 27. Bg2 Rg8 28.
Kh2 Rg7 29. Rg1 Qxf4+ 30. Kh1 Qh6 31. Qd3 f4 32. Ne2 Nxe2 33. Qxe2 Rf8 34. Rc3
Nd4 35. Qe5 Qf6 36. Qe1 f3 0-1